Sex nire je tabu

Bibliographic Details
Main Author: Kolková, Terézia, 1980- (Author, Interviewer)
Format: Article
Language:Slovak
PhysicalDescription:Fotogr.
ISSN:1336-5932
Subjects:

MARC

LEADER 00000nab a2200000 a 4500
001 vtls008887607
003 SK-MaSNL
005 20260304033042.0
008 140515c2006 xo wr|p|||||||000 b|slo
015 |a SNBRB2006/12  |2 snkbucl 
040 |a SNKBUCL  |b slo  |c SNKBUCL  |e AACR2 
041 0 |a slo 
044 |a xo  |c SK 
080 |a 364.632/.633  |2 2001 
080 |a 176  |2 2001 
080 |a 27-447  |2 2001 
100 1 |a Kolková, Terézia,  |d 1980-  |4 ivr  |4 aut  |9 22330 
245 1 0 |a Sex nire je tabu  |c Terézia Kolková, Slávka Michančová 
300 |b Fotogr. 
650 0 7 |a sexualita  |2 snkbucl  |9 1946 
650 0 7 |a sexuálne zneužívanie  |2 snkbucl  |9 86017 
650 0 7 |a kresťanstvo  |2 snkbucl  |9 2024 
650 0 7 |a násilie  |2 snkbucl  |9 4763 
650 0 7 |a intimita  |2 snkbucl  |9 27649 
700 1 |a Michančová, Slávka  |4 ive  |9 404667 
773 0 |t Týždeň  |g Roč. III, č. 47 (2006), s. 60-61  |x 1336-5932 
852 |a SNK  |b KIS3GCP 
999 |c 2646413  |d 2648343